| 000 | 00769nam a22002415a 4500 | ||
|---|---|---|---|
| 008 | 170122s2016 nyua|||frb||| 001 0 eng d | ||
| 020 | _a1681171546 | ||
| 020 | _a9781681171548 | ||
| 040 |
_aEG-ScBUE _beng _cEG-ScBUE |
||
| 082 | 0 | 4 |
_222 _a628.132 _bRES |
| 245 | 0 | 0 |
_aReservoir model design / _cEditor, Manoj Negi. |
| 260 |
_aValley Cottage, New York : _bSCITUS Academics LLC, _cc.2016. |
||
| 300 |
_a236 p. : _bill. ; _c19 cm. |
||
| 500 | _aIndex : p. 235-236. | ||
| 504 | _aIncludes bibliographical references. | ||
| 590 | _aWessam | ||
| 650 | 7 |
_2BUEsh _95166 _aPhysical geography. |
|
| 651 | _2BUEsh | ||
| 653 |
_bENGPET _cJanuary2017 |
||
| 650 | 7 |
_941789 _aMines and mineral resources |
|
| 700 | 1 |
_941788 _aNegi, Manoj _eeditor. |
|
| 942 |
_2ddc _e22 _k628.132 RES |
||
| 999 |
_c23991 _d23963 |
||